000 00227nam a2200085Ia 4500
245 0 _aKindness
100 _a PRYOR, Kimberley Jane Tarrytown, N.Y., 2009
_979295
942 _cBK
008 210818s9999 xx 000 0 und d
999 _c437262
_d437261